Normal view
MARC view
- S̲āqib, Muḥammad Amjad,
Entry Personal Name
001 - CONTROL NUMBER
- control field: 6816
003 - CONTROL NUMBER IDENTIFIER
- control field: NUST
005 - DATE AND TIME OF LATEST TRANSACTION
- control field: 20171128102958.0
008 - FIXED-LENGTH DATA ELEMENTS
- fixed length control field: 171128|| aca||aabn | a|a d
040 ## - CATALOGING SOURCE
- Original cataloging agency: NUST
- Transcribing agency: NUST
100 ## - HEADING--PERSONAL NAME
- Personal name: S̲āqib, Muḥammad Amjad,
- Relator term: author.
670 ## - SOURCE DATA FOUND
- Source citation: Work cat.: (NUST)0: 880-01 S̲āqib, Muḥammad Amjad, author., Kāmʹyāb log :
